Essays in Malaysian law

Bibliographic Details
Main Author: Hickling, R.H
Format: Book
Published: Petaling Jaya : Pelanduk Publications (M) Sdn.Bhd. , 1991
Subjects:

MARC

LEADER 00000cam a2200000 7i4500
001 0000005305
002 000005730
005 20080111.0
020 |a 9679783855 
090 0 0 |a 349.595   |b HIC 
100 1 |a Hickling, R.H 
245 1 0 |a Essays in Malaysian law   |c R.H.Hickling 
260 |a Petaling Jaya :   |b Pelanduk Publications (M) Sdn.Bhd. ,   |c 1991 
300 |a 273p. ;   |c 24cm. 
650 0 0 |a Law   |x History and criticism   |z Malaysia 
651 0 |a Malaysia   |x Constitutional history 
651 0 |a Malaysia   |x Constitutional law 
999 |a 00069494   |b BUKU   |c PINJAMAN   |e PERPUSTAKAAN KOMUNITI PETALING JAYA 
999 |a 037716   |b BUKU   |c PINJAMAN   |e PERPUSTAKAAN KOMUNITI PETALING JAYA 
999 |a 037717   |b BUKU   |c MALAYSIANA   |e PERPUSTAKAAN KOMUNITI PETALING JAYA 
999 |a 085198   |b BUKU   |c MALAYSIANA   |e PERPUSTAKAAN KOMUNITI PETALING JAYA